Casanare (Registro nro. 7633)

Detalles MARC
000 -CABECERA
Campo de control 00631nam a22001937a 4500
005 - FECHA Y HORA DE LA ULTIMA TRANSACCION
Campo de control 20141111020002.0
008 - ELEMENTOS DE LONGITUD FIJA—INFORMACION GENERAL
Campo de control 130828b2010 ck ||||| |||| 00| 0 spa d
041 ## - IDIOMA
Código de idioma para texto/pista de sonido o título separado Español
044 ## - PAÍS DE PUBLICACIÓN
País de publicación Colombia
090 ## - CLASIFICACIÓN LOCAL
Colección LB
Consecutivo 05755
245 10 - MENCION DE TITULO
Título Casanare
260 ## - PUBLICACION, DISTRIBUCION, ETC. (PIE DE IMPRENTA)
Lugar de publicación, distribución, etc. [Casanare]
Nombre del editor, distribuidor, etc. Secretaría de Agricultura, Ganadería y Medio Ambiente
Fecha de publicación, distribución, etc. 2010
300 ## - DESCRIPCION FISICA
Extensión 47 p.
Otros detalles físicos il., mapas
Dimensiones 28 cm.
500 ## - NOTA GENERAL
Nota general Turismo del Casanare,
505 ## - NOTA DE CONTENIDO
Nota de contenido Orocué: destino turístico desconocido en las sabanas colom
505 ## - NOTA DE CONTENIDO
Nota de contenido Maní: Origen del sonido y golpes de bandolas
650 ## - ASIENTO SECUNDARIO DE MATERIA - TERMINO TEMATICO
Término temático o nombre geográfico como elemento de entrada Turismo
Subdivisión geográfica Casanare (Departamento, Colombia)
942 ## - ELEMENTOS ADICIONALES (KOHA)
Sistema de clasificación Dewey Decimal Classification
Tipo de ítem Folleto
Koha issues (borrowed), all copies 2
Existencias
Withdrawn status Lost status Sistema de Clasificación Damaged status No para préstamo Colección Inventariado Ubicación Permanente Ubicación actual Fecha de adquisición Total Checkouts Total Renewals Número topográfico Inventario / Código de Barras Date last seen Date checked out Ejemplar Price effective from Forma de adquisición Tipo de material
    Dewey Decimal Classification       Inventariado 2017 Bogotá Bogotá 28/08/2013 2 1 FG-0007 058435 22/12/2014 10/11/2014 Ej. 1 28/08/2013   Folleto